000 00722nam a2200253 a 4500
001 000012203
003 DO-SdBNP
005 20240411074019.0
007 ta
008 091106s2012 dr ac 000 j spa d
020 _a9789945165036
040 _aDO-SdBNP
_bspa
_cBNPHU
_erda
082 4 _bM189
_222
_a070.44
245 0 _aMagda Florencio la reportera
264 _aSanto Domingo :
_bBúho,
_c2012.
300 _a167 páginas :
_bilustraciones ;
_c29 cm.
336 _2rdaconten.
_atexto
_btxt
337 _2rdamedia
_asin mediación
_bn
338 _2rdacarrier
_avolumen
_bnc
590 _aInventariado, 2023 / DG
650 0 _aCuentos dominicanos
_zRepública Dominicana
_9176
910 _aDG
942 _2ddc
_cLBS1
999 _c53212
_d53212